Emile Loubet et sa présidence - Statistiques

Statistiques générales
  • Ce quiz a été pris 44 fois
  • Le résultat moyen est 9 sur 20
Statistiques - réponses
Groupe Indices Réponses % Correct
Présidence Loi marquante dans l'histoire de la laïcité en France, promulguée en 1905 Loi de séparation des Eglises et de l'Etat
87%
Présidence Il fut le premier à arriver au terme du sien depuis le début de la Troisième République Septennat
87%
Présidence La grâce lui fut accordée en 1899, pour mettre fin à l'une des plus grandes affaires du régime Alfred Dreyfus
82%
Présidence Groupe politique lors de son élection Républicains modérés
82%
Biographie Profession de formation Avocat
71%
Biographie Université fréquentée Faculté de droit de l'université de Paris
66%
Biographie Seul Président français à avoir vécu plus longtemps que lui Valéry Giscard d'Estaing
63%
Bibliographie Réquisitoire pour un protectionnisme agricole, rédigé avec d'autres personnalités politiques de l'époque A tous les Français de nos {campagnes}
55%
Présidence Rapprochement opéré en 1904 avec le Royaume-Uni par la signature d'accords bilatéraux Entente cordiale
53%
Citations Je ne serai ni sénateur, ni député, ni même conseiller municipal. {Rien}, absolument {rien}.
53%
Biographie Affaire de corruption qu'il tenta d'étouffer, entraînant son remplacement à la Présidence du Conseil en 1892 Scandale de {Panama}
45%
Citations La {Constitution} qui arbitre le pays depuis vingt six ans ne peut être bouleversée à la légère.
39%
Biographie Régime politique français auquel il s'opposa Second Empire
39%
Famille Fils (nommez-en un) Denis | Paul | Philibert-Émile
29%
Bibliographie Retranscription d'un discours de 1900 devant des élus locaux, modérant les remises en cause de la Constitution Au banquet des {maires}
24%
Présidence "Arme" avec laquelle il fut agressé par le baron Christiani à l'hippodrome d'Auteuil après son élection Canne
21%
Présidence Président du Conseil, avec le mandat le plus long à ce post e la Troisième République Pierre Waldeck-Rousseau
16%
Biographie Département de naissance, retraite et décès dans lequel il fut élu député pendant près de dix ans puis sénateur pendant quinze Drôme
13%
Présidence Adversaire, malgré le retrait de sa candidature Jules Méline
5%
Famille Epouse Marie-Louise Picard
3%
Aucun quiz correspondant
Distribution des résultats
% des personnes avec chaque résultat
Percentile par nombre de réponses
Votre historique - résultats
Vous n’avez pas pris ce quiz